logo

Bir Sreshtho Munshi Abdur Rouf Library
Jhenaidah Cadet College

নূরানী পদ্ধতিতে ২৭ ঘন্টায় কুরআন শিক্ষা : (Record no. 10748)

MARC details
000 -LEADER
fixed length control field 00901nam a2200217 a 4500
001 - CONTROL NUMBER
JCCL Control Number 10748
003 - CONTROL NUMBER IDENTIFIER
JCCL marc code BD-JhCC
005 - DATE AND TIME OF LATEST TRANSACTION
control field 20220803134024.0
008 - FIXED-LENGTH DATA ELEMENTS--GENERAL INFORMATION
fixed length control field 180903s20172013bg |||| |||| 000 0 mul d
020 ## - INTERNATIONAL STANDARD BOOK NUMBER
International Standard Book Number 978984899171
035 ## - SYSTEM CONTROL NUMBER
system control number (BD-JhCC)10748
040 ## - CATALOGING SOURCE
Original cataloging agency BD-JhCC
Modifying agency BD-JhCC
041 ## - LANGUAGE CODE
Language code of Book Bengali and Arabic
082 ## - DEWEY DECIMAL CLASSIFICATION NUMBER
Classification number 297.122521
Author mark and Year HOS 2017
100 ## - MAIN ENTRY--PERSONAL NAME
Personal name হোসেন, প্রকৌশলী মইনুল
245 ## - TITLE STATEMENT
Title নূরানী পদ্ধতিতে ২৭ ঘন্টায় কুরআন শিক্ষা :
Remainder of title বাংলা উচ্চারণ ও শূণ্যস্থান পূরণসহ /
Statement of responsibility, etc প্রকৌশলী মইনুল হোসেন,
260 ## - PUBLICATION, DISTRIBUTION, ETC. (IMPRINT)
Place of publication, distribution, etc ঢাকা :
Name of publisher, distributor, etc মীনা বুক হাউস,
Date of publication, distribution, etc ২০১৭.
300 ## - PHYSICAL DESCRIPTION
Pagination ২৪৮ পৃ. :
Dimensions ২৫ সেমি.
650 ## - SUBJECT ADDED ENTRY--TOPICAL TERM
Topical term or geographic name as entry element Al Qruan
General subdivision Learning
942 ## - ADDED ENTRY ELEMENTS (KOHA)
Source of classification or shelving scheme Dewey Decimal Classification
Koha item type Books
Koha issues (borrowed), all copies 16
Holdings
Source of classification or shelving scheme Damaged status Not for loan Home library Current library Shelving location Date of accession Cost, normal purchase price Total Checkouts Full call number Barcode Date last seen Date checked out Copy number Koha item type
Dewey Decimal Classification     JCC Rouf Library JCC Rouf Library General Stacks 09/03/2018 350.00 8 297.122521 HOS 2017 14574 09/23/2023 09/12/2023 C-1 Books
Dewey Decimal Classification     JCC Rouf Library JCC Rouf Library General Stacks 09/03/2018 350.00 4 297.122521 HOS 2017 14573 06/30/2025 03/02/2025 C-2 Books

JCC Library | Contacts | JCC Home

Last Update on 23 September 2017
Copyright @ 2017-2020 JCC Rouf Library
Rouf Library, Jhenidah Cadet College (JCC), Bangladesh